[Event "Krakow op-A 24th"]
[Site "Krakow"]
[Date "2013.12.27"]
[Round "1"]
[White "Kanarek, Marcel"]
[Black "Wisniowska, Klaudia"]
[Result "1-0"]
[WhiteElo "2473"]
[BlackElo "2182"]
[PlyCount "75"]
[EventDate "2013.12.27"]
[EventType "swiss"]
[EventRounds "9"]
[EventCountry "POL"]
[SourceTitle "CBM 158 Extra"]
[Source "ChessBase"]
[SourceDate "2014.02.28"]
[SourceVersion "1"]
[SourceVersionDate "2014.02.28"]
[SourceQuality "1"]

1. d4 Nf6 2. c4 g6 3. Nc3 Bg7 4. e4 d6 5. Be2 0-0 6. Nf3 Nc6 7. 0-0 e5 8. d5 Ne7 9. Ne1 Nd7 10. Nd3 f5 11. f3 f4 12. Bd2 g5 13. Rc1 h5 14. c5 a6 15. Qb3 Rf7 16. Qa3 Nxc5 17. Nxc5 dxc5 18. Qxc5 Ng6 19. Bc4 Kh7 20. Qf2 Bf8 21. d6 Rg7 22. dxc7 Rxc7 23. Na4 Rxc4 24. Rxc4 b5 25. Nb6 bxc4 26. Nxa8 Bb7 27. Nb6 Qc7 28. Na4 g4 29. Kh1 Qc6 30. Qb6 Qd7 31. Bb4 gxf3 32. gxf3 Bc6 33. Bxf8 Nxf8 34. Nc3 Qd3 35. Qf2 Qd7 36. Rd1 Qe7 37. Qb6 Bd7 38. Nd5 1-0

[Event "EU-chT (Women) 19th"]
[Site "Warsaw"]
[Date "2013.11.15"]
[Round "7.3"]
[White "Wisniowska, Klaudia"]
[Black "Mkrtchian, Lilit"]
[Result "0-1"]
[WhiteElo "2153"]
[BlackElo "2447"]
[PlyCount "70"]
[EventDate "2013.11.08"]
[EventType "team-swiss"]
[EventRounds "9"]
[EventCountry "POL"]
[SourceTitle "EXT 2014"]
[Source "ChessBase"]
[SourceDate "2013.11.20"]
[SourceVersion "1"]
[SourceVersionDate "2013.11.20"]
[SourceQuality "1"]
[WhiteTeam "Poland Futures (W) II"]
[BlackTeam "Armenia (W)"]
[WhiteTeamCountry "POL"]
[BlackTeamCountry "ARM"]

1. e4 e6 2. d4 d5 3. Nc3 Bb4 4. e5 c5 5. a3 Bxc3+ 6. bxc3 Qa5 7. Bd2 Qa4 8. Qb1 c4 9. h4 Nc6 10. Ne2 Bd7 11. g3 0-0-0 12. Bh3 f6 13. 0-0 fxe5 14. dxe5 Nxe5 15. Nd4 Nf6 16. f3 Rde8 17. Re1 Ng6 18. Nxe6 Qa5 19. Kg2 Ne4 20. fxe4 Bxe6 21. Qb4 Bxh3+ 22. Kxh3 Qc7 23. Be3 b6 24. exd5 Qd7+ 25. Kh2 Ne5 26. Bf2 Nf3+ 27. Kg2 Nxe1+ 28. Rxe1 Qxd5+ 29. Kg1 Rxe1+ 30. Bxe1 Re8 31. Bf2 Kb7 32. a4 Re2 33. Qf8 Rxc2 34. Qxg7+ Ka6 35. Qf6 Rc1+ 0-1

[Event "EU-chT (Women) 19th"]
[Site "Warsaw"]
[Date "2013.11.14"]
[Round "6.6"]
[White "Wisniowska, Klaudia"]
[Black "Haast, Anne"]
[Result "1/2-1/2"]
[WhiteElo "2153"]
[BlackElo "2262"]
[PlyCount "131"]
[EventDate "2013.11.08"]
[EventType "team-swiss"]
[EventRounds "9"]
[EventCountry "POL"]
[SourceTitle "EXT 2014"]
[Source "ChessBase"]
[SourceDate "2013.11.20"]
[SourceVersion "1"]
[SourceVersionDate "2013.11.20"]
[SourceQuality "1"]
[WhiteTeam "Poland Futures (W) II"]
[BlackTeam "Netherlands (W)"]
[WhiteTeamCountry "POL"]
[BlackTeamCountry "NED"]

1. e4 c5 2. Nf3 e6 3. d4 cxd4 4. Nxd4 Nc6 5. Nc3 Qc7 6. Be2 a6 7. 0-0 Nf6 8. Be3 Bb4 9. Na4 Be7 10. Nxc6 bxc6 11. Nb6 Rb8 12. Nxc8 Qxc8 13. Bd4 c5 14. Be5 Rb6 15. Qd3 d6 16. Bc3 0-0 17. b3 d5 18. exd5 Nxd5 19. Be5 Bf6 20. Bxf6 Nxf6 21. Rad1 Qc7 22. Rd2 h6 23. Rfd1 Re8 24. g3 e5 25. Qf5 g6 26. Qh3 Kg7 27. Bc4 Rf8 28. Qg2 e4 29. a4 h5 30. Qf1 h4 31. Qe2 Re8 32. Qe3 Qe5 33. Rd8 Rxd8 34. Rxd8 hxg3 35. hxg3 g5 36. f4 gxf4 37. Qxf4 Qxf4 38. gxf4 Kg6 39. a5 Rc6 40. Ra8 Rd6 41. Rxa6 Rd1+ 42. Kf2 Ra1 43. Ra7 Kf5 44. a6 Ng4+ 45. Ke2 f6 46. Rc7 Ra2 47. Rxc5+ Kxf4 48. Bb5 Ne3 49. Kd2 Ra5 50. b4 Ra2 51. Be2 f5 52. b5 Ra5 53. Rc6 Nd5 54. b6 Ra1 55. Rd6 e3+ 56. Kd3 Nb4+ 57. Kc3 Nxa6 58. Kb2 Ra5 59. Bxa6 Rxa6 60. b7 Rxd6 61. b8Q Ke5 62. Qb5+ Rd5 63. Qe8+ Kf4 64. Kc3 Re5 65. Qa4+ Re4 66. Qa1 1/2-1/2

[Event "EU-chT (Women) 19th"]
[Site "Warsaw"]
[Date "2013.11.11"]
[Round "4.4"]
[White "Wisniowska, Klaudia"]
[Black "Girya, Olga"]
[Result "0-1"]
[WhiteElo "2153"]
[BlackElo "2447"]
[PlyCount "90"]
[EventDate "2013.11.08"]
[EventType "team-swiss"]
[EventRounds "9"]
[EventCountry "POL"]
[SourceTitle "EXT 2014"]
[Source "ChessBase"]
[SourceDate "2013.11.20"]
[SourceVersion "1"]
[SourceVersionDate "2013.11.20"]
[SourceQuality "1"]
[WhiteTeam "Poland Futures (W) II"]
[BlackTeam "Russia (W)"]
[WhiteTeamCountry "POL"]
[BlackTeamCountry "RUS"]

1. e4 c5 2. Nf3 e6 3. d4 cxd4 4. Nxd4 Nc6 5. Nc3 Qc7 6. Be3 a6 7. Qd2 Nf6 8. f3 Be7 9. g4 b5 10. g5 Nh5 11. 0-0-0 Nxd4 12. Qxd4 Bb7 13. Ne2 Rc8 14. Qd3 d5 15. Bg2 0-0 16. e5 d4 17. Nxd4 Rfd8 18. Kb1 Bc5 19. Qd2 Nf4 20. Bxf4 Rxd4 21. Qc1 Ra4 22. Rd3 Bd5 23. Rxd5 exd5 24. Bd2 Qxe5 25. Bh3 Rd8 26. f4 Qc7 27. Bf5 b4 28. b3 Ra3 29. Qb2 Qb6 30. c3 bxc3 31. Bxc3 d4 32. Bd2 Bb4 33. Rd1 Ra5 34. Qc2 g6 35. Bd3 Rc5 36. Bc4 Bxd2 37. Rxd2 Rf5 38. Qe4 Qd6 39. Rf2 d3 40. Kc1 Qc5 41. Rd2 Rd4 42. Qa8+ Kg7 43. Qxa6 Rfxf4 44. a3 Rf1+ 45. Kb2 Qe5 0-1

[Event "EU-ch U18 Girls 23rd"]
[Site "Budva"]
[Date "2013.10.05"]
[Round "6"]
[White "Wisniowska, Klaudia"]
[Black "Fischer, Julie"]
[Result "1/2-1/2"]
[WhiteElo "2145"]
[BlackElo "1937"]
[PlyCount "75"]
[EventDate "2013.09.29"]
[EventType "swiss"]
[EventRounds "9"]
[EventCountry "MNE"]
[SourceTitle "CBM 156 Extra"]
[Source "ChessBase"]
[SourceDate "2013.10.22"]
[SourceVersion "1"]
[SourceVersionDate "2013.10.22"]
[SourceQuality "1"]

1. e4 c5 2. Nf3 Nc6 3. d4 cxd4 4. Nxd4 g6 5. c4 Nf6 6. Nc3 d6 7. Be2 Nxd4 8. Qxd4 Bg7 9. Be3 0-0 10. Qd2 Be6 11. 0-0 Qa5 12. Rac1 Rfc8 13. b3 a6 14. f3 b5 15. Nd5 Qxd2 16. Bxd2 Bxd5 17. cxd5 Nd7 18. Rxc8+ Rxc8 19. Rc1 Rxc1+ 20. Bxc1 Bd4+ 21. Kf1 Nc5 22. Ba3 Kg7 23. Bxc5 Bxc5 24. a4 bxa4 25. bxa4 a5 26. f4 Be3 27. g3 Kf6 28. Kg2 Bd4 29. Kf3 Bg1 30. Kg2 Bd4 31. Kf3 Bg1 32. h3 Bd4 33. Bb5 Bc5 34. Bc6 Bd4 35. Bb5 Bc5 36. Bc6 Bd4 37. Bb5 Bc5 38. Bc6 1/2-1/2

[Event "EU-ch U18 Girls 23rd"]
[Site "Budva"]
[Date "2013.10.02"]
[Round "4"]
[White "Wisniowska, Klaudia"]
[Black "Richterova, Natasa"]
[Result "1-0"]
[WhiteElo "2145"]
[BlackElo "2059"]
[PlyCount "117"]
[EventDate "2013.09.29"]
[EventType "swiss"]
[EventRounds "9"]
[EventCountry "MNE"]
[SourceTitle "CBM 156 Extra"]
[Source "ChessBase"]
[SourceDate "2013.10.22"]
[SourceVersion "1"]
[SourceVersionDate "2013.10.22"]
[SourceQuality "1"]

1. e4 e5 2. Nf3 Nf6 3. Nxe5 d6 4. Nf3 Nxe4 5. d4 d5 6. Bd3 Nc6 7. 0-0 Be7 8. Nc3 Nxc3 9. bxc3 Bg4 10. Rb1 Rb8 11. Re1 0-0 12. Bf4 Bf6 13. h3 Bh5 14. Re3 Bg6 15. Qe2 Ne7 16. Re1 Bxd3 17. Qxd3 Ng6 18. Bg3 Qd7 19. c4 dxc4 20. Qxc4 Rbc8 21. Be5 Be7 22. a4 Rfd8 23. Rd3 a6 24. Rb1 b6 25. Qxa6 Ra8 26. Qc4 Rdc8 27. Rb5 Qe6 28. Qb3 Qxb3 29. cxb3 f6 30. Bg3 Ra5 31. Rxa5 bxa5 32. Rc3 c6 33. d5 Bb4 34. Rxc6 Rd8 35. d6 f5 36. Nh4 f4 37. Nxg6 fxg3 38. Ne7+ Kf8 39. Nf5 gxf2+ 40. Kxf2 g6 41. Nd4 Rxd6 42. Rxd6 Bxd6 43. Nc6 Bc7 44. Ke3 Kf7 45. Kd4 Ke6 46. Kc5 Kf5 47. Kb5 Kf4 48. Nxa5 Kg3 49. Nc6 Kxg2 50. a5 Bf4 51. Kc5 Kxh3 52. a6 g5 53. a7 g4 54. a8Q g3 55. Qc8+ Kh2 56. Qf5 Be3+ 57. Nd4 g2 58. Qe5+ Kg1 59. Qxe3+ 1-0

[Event "EU-ch U18 Girls 23rd"]
[Site "Budva"]
[Date "2013.09.30"]
[Round "2"]
[White "Wisniowska, Klaudia"]
[Black "Khafizova, Yana"]
[Result "1-0"]
[WhiteElo "2145"]
[BlackElo "1955"]
[PlyCount "83"]
[EventDate "2013.09.29"]
[EventType "swiss"]
[EventRounds "9"]
[EventCountry "MNE"]
[SourceTitle "CBM 156 Extra"]
[Source "ChessBase"]
[SourceDate "2013.10.22"]
[SourceVersion "1"]
[SourceVersionDate "2013.10.22"]
[SourceQuality "1"]

1. e4 e5 2. Nf3 Nc6 3. Bb5 a6 4. Ba4 Nf6 5. 0-0 b5 6. Bb3 Be7 7. Re1 d6 8. c3 0-0 9. h3 Nb8 10. d4 Nbd7 11. Nbd2 Bb7 12. Bc2 Re8 13. Nf1 Bf8 14. Ng3 g6 15. a4 Bg7 16. d5 Qb8 17. b3 c6 18. c4 bxc4 19. bxc4 Qc7 20. Be3 Rac8 21. Rc1 Red8 22. Qd2 Bf8 23. Nh4 Nc5 24. Bg5 Bg7 25. Qe3 Re8 26. Bh6 Bh8 27. Nhf5 Rb8 28. Red1 cxd5 29. exd5 Qd7 30. a5 Qd8 31. Rb1 Qc7 32. Re1 Bc8 33. Rxb8 Qxb8 34. Rb1 Qc7 35. Rb6 Nb7 36. Ba4 Bd7 37. Bxd7 Nxd7 38. Rxa6 Bf6 39. Rc6 Qxa5 40. Nxd6 Rd8 41. Qb3 Nxd6 42. Rxd6 1-0

[Event "EU-ch U18 Girls 23rd"]
[Site "Budva"]
[Date "2013.09.29"]
[Round "1"]
[White "Cazacu, Gabriela"]
[Black "Wisniowska, Klaudia"]
[Result "0-1"]
[WhiteElo "1876"]
[BlackElo "2145"]
[PlyCount "78"]
[EventDate "2013.09.29"]
[EventType "swiss"]
[EventRounds "9"]
[EventCountry "MNE"]
[SourceTitle "CBM 156 Extra"]
[Source "ChessBase"]
[SourceDate "2013.10.22"]
[SourceVersion "1"]
[SourceVersionDate "2013.10.22"]
[SourceQuality "1"]

1. d4 Nf6 2. c4 g6 3. Nc3 Bg7 4. e4 d6 5. f3 0-0 6. Be3 e5 7. Nge2 Nbd7 8. Qd2 a6 9. d5 Rb8 10. Nc1 Nh5 11. b4 f5 12. Nb3 Ndf6 13. 0-0-0 fxe4 14. g4 Nf4 15. g5 N6h5 16. Nxe4 Bf5 17. Rg1 Nh3 18. Rh1 N5f4 19. Bxh3 Bxh3 20. Rhg1 Nh5 21. Qe2 Qd7 22. c5 Rbd8 23. Kb2 Qf7 24. cxd6 cxd6 25. Bb6 Rd7 26. Na5 Qxf3 27. Qxf3 Rxf3 28. Nc4 Bf8 29. Ncd2 Rdf7 30. Rc1 Kg7 31. Rc3 Bf5 32. Rgc1 Nf4 33. Rxf3 Nxd5 34. Nf6 Nxb6 35. Nd7 Rxd7 36. Rd1 d5 37. a3 Rc7 38. Nb3 Na4+ 39. Ka1 e4 0-1